Die 130 beliebtesten ♂ ♀ Vornamen in Italien - Statistiken

Allgemein
  • Dieses Quiz wurde 124 mal gespielt
  • Das Durchschnittsergebnis liegt bei 26 aus 132
Antwortstatistiken
♀ / ♂ Name % Korrekt
Jungen - - > | Mädchen - - > ⤵️
100%
M5 Maria
75%
A4 Anna
66%
L4 Luca
62%
A6 Andrea
58%
A7 Antonio
55%
M5 Mario
55%
G8 Giovanni
54%
E4 Emma
52%
L5 Luigi
51%
M5 Marco
49%
F9 Francesco
46%
L8 Leonardo
46%
M6 Matteo
46%
G8 Giuseppe
43%
S5 Sofia
43%
G6 Giulia
42%
S4 Sara
42%
D6 Daniel
41%
A10 Alessandro
40%
C5 Carlo
40%
L5 Lucia
35%
S6 Simone
35%
F9 Francesca
33%
A4 Alex
32%
L7 Lorenzo
32%
D6 Davide
31%
G7 Giorgio
31%
C9 Christian
29%
G7 Gabriel
29%
C6 Chiara
28%
R8 Riccardo
27%
A7 Alessia
26%
M3 Mia
26%
A7 Alessio
25%
D7 Daniele
24%
F8 Federico
24%
M6 Mattia
24%
M7 Michele
24%
P6 Pietro
23%
S9 Salvatore
23%
I6 Isabel
22%
E5 Elena
21%
G9 Gianluigi
21%
P5 Paola
21%
S6 Sophie
21%
G7 Giacomo
20%
M6 Manuel
20%
M5 Marta
20%
R6 Rafael
20%
E5 Elisa
19%
F7 Filippo
19%
E4 Elia
18%
F6 Franco
18%
N6 Nicolo
18%
G8 Giovanna
17%
A6 Angelo
16%
T7 Tommaso
16%
V8 Vincenzo
16%
A6 Angela
15%
D8 Domenico
15%
G8 Gabriele
15%
G7 Giorgia
15%
N4 Noah
15%
R4 Rosa
15%
E5 Emily
14%
M7 Martina
14%
B4 Nina
14%
S6 Samuel
14%
C8 Carlotta
13%
E8 Emanuele
13%
N6 Nicole
13%
V8 Vittoria
13%
A7 Arianna
12%
F8 Federica
12%
A5 Alice
11%
A6 Aurora
11%
C4 Ciro
11%
G6 Giulio
11%
L7 Luciano
11%
L4 Luna
11%
A6 Amelia
9%
T6 Teresa
9%
T6 Thomas
9%
A5 Anita
8%
C7 Cecilia
8%
D5 Diana
8%
D5 Diego
8%
E7 Edoardo
8%
F6 Franca
8%
B6 Bianca
7%
B5 Bruno
7%
D7 Damiano
7%
G7 Gaetano
7%
J6 Jacopo
7%
M7 Matilde
7%
R4 Rita
7%
S7 Samuele
7%
V5 Viola
7%
C5 Chloe
6%
G5 Greta
6%
L4 Liam
6%
B8 Beatrice
5%
B5 Bryan
5%
C7 Camilla
5%
C8 Caterina
5%
G5 Giada
5%
G10 Giuseppina
5%
C8 Concetta
4%
L8 Ludovica
4%
N5 Noemi
4%
R7 Rebecca
4%
A5 Adele
3%
C7 Carmela
3%
E8 Eleonora
3%
E6 Ettore
3%
G7 Ginevra
3%
M7 Melissa
3%
S6 Sergio
3%
G5 Gioia
2%
M10 Margherita
2%
N6 Nathan
2%
S4 Sole
2%
E4 Enea
1%
G4 Gaia
1%
G6 Gioele
1%
A5 Ambra
0%
A10 Antonietta
0%
A7 Azzurra
0%
E7 Emerson
0%
J8 Jorginho
0%
Keine übereinstimmenden Quizze gefunden
Verteilung der Resultate
Anzahl Personen mit jedem Resultat
Perzentil nach korrekt beantworteten Fragen
Ihre Resultats-Entwicklung
Sie haben dieses Quiz noch nicht gespielt